| 000 | 00687 a2200217 4500 | ||
|---|---|---|---|
| 005 | 20260428120232.0 | ||
| 008 | 260428b |||||||| |||| 00| 0 eng d | ||
| 037 | _cTB | ||
| 040 |
_aCRL _cCRL |
||
| 041 |
_2URD _aURD |
||
| 084 |
_aV:(P168) P8 _qCRL |
||
| 100 |
_aSiddiqui, Iqtedar Hussain _9853283 |
||
| 245 | _aUrdu mein tareekh nigari ki ibtadai | ||
| 260 |
_aRampur, India: _bRampur Raza Library, _c2008. |
||
| 300 | _a303p. | ||
| 365 |
_b350.00 _cINR |
||
| 650 | _aHistory | ||
| 650 |
_aUrdu Langauge _91235862 |
||
| 942 |
_cTB _2CC _hV:(P168) P8 |
||
| 999 |
_c1465614 _d1465614 |
||